| 000 | 00816nam a2200277 i 4500 | ||
|---|---|---|---|
| 003 | EG-ScBUE | ||
| 005 | 20230712122118.0 | ||
| 008 | 171121s2004 enka f 000 0 eng d | ||
| 020 | _a9780198606734 | ||
| 020 | _a0198606737 | ||
| 040 |
_aEG-ScBUE _beng _erda _cEG-ScBUE _dEG-ScBUE |
||
| 082 | 0 | 4 |
_222 _a910.3 _bMAY |
| 100 | 1 |
_aMayhew, Susan, _eauthor. |
|
| 245 | 1 | 2 |
_aA dictionary of geography / _cSusan Mayhew. |
| 250 | _athird edition. | ||
| 264 | 1 |
_aOxford : _bOxford University Press, _c2004. |
|
| 300 |
_a543 pages : _billustrations ; _c20 cm |
||
| 336 |
_2rdacontent _atext _btxt |
||
| 337 |
_2rdamedia _aunmediated _bn |
||
| 338 |
_2rdacarrier _avolume _bnc |
||
| 590 | _aSuzan Ashmawy. | ||
| 650 | 7 |
_2BUEsh _aGeography _vDictionaries. |
|
| 651 | _2BUEsh | ||
| 655 | _vReading book | ||
| 942 |
_2ddc _cBB |
||
| 999 |
_c25632 _d25604 |
||